Statistics for Top 100 Minnesota Vikings of All Time

Click here to take the quiz!

General Stats

  • This quiz has been taken 161 times
  • The average score is 28 of 100

Answer Stats

PositionPlayer% Correct
WRRandy Moss
94%
QBFran Tarkenton
87%
RBAdrian Peterson
86%
SHarrison Smith
83%
WRCris Carter
81%
RBRobert Smith
81%
WRAnthony Carter
78%
DEAlan Page
69%
QBBrett Favre
67%
DEJared Allen
67%
QBDaunte Culpepper
65%
WRAdam Thielen
63%
DLJohn Randle
59%
LBEric Kendricks
52%
QBBrad Johnson
49%
DEDanielle Hunter
49%
WRStefon Diggs
49%
LBAnthony Barr
48%
DECarl Eller
48%
DTKevin Williams
47%
NTPat Williams
47%
TEKyle Rudolph
46%
QBRandall Cunningham
46%
QBWarren Moon
46%
SPaul Krause
45%
RBChuck Foreman
44%
DEJim Marshall
44%
GRandall McDaniel
44%
QBTommy Kramer
44%
LBEd McDaniel
43%
CBXavier Rhodes
43%
DEEverson Griffin
42%
GSteve Hutchinson
40%
LBChad Greenway
37%
CBAntoine Winfield
35%
DEChris Doleman
35%
WRJake Reed
35%
WRPercy Harvin
35%
TRon Yary
34%
QBWade Wilson
32%
WRAhmad Rashad
31%
DTHenry Thomas
31%
CMatt Birk
31%
SOrlando Thomas
31%
TKorey Stringer
29%
FBBill Brown
28%
FBTed Brown
28%
CMick Tingelhoff
24%
NTLinval Joseph
23%
TESteve Jordan
23%
CJeff Christy
22%
LBBen Leber
21%
LTGary Zimmerman
21%
LBMatt Blair
20%
SRobert Griffith
19%
DTJames White
18%
WRSammy White
18%
KFred Cox
16%
SJoey Browner
15%
CJohn Sullivan
15%
TPhil Loadholt
15%
LBScott Studwell
15%
LBE.J. Henderson
14%
LTTodd Steussie
14%
DEBrian Robison
13%
CBCarl Lee
12%
DTGary Larsen
12%
DLKeith Millard
11%
CBNate Wright
9%
CBBobby Bryant
8%
RBDarrin Nelson
7%
RBDave Osborne
7%
DEDoug Martin
7%
LBJeff Siemon
7%
WRJohn Gilliam
7%
CKirk Lowdermilk
7%
LBRoy Winston
7%
LTTim Irwin
7%
LBWally Hilgenberg
7%
RBTommy Mason
5%
DTDoug Sutherland
4%
CBEd Sharockman
4%
LTGrady Alderman
4%
DBJohn Turner
4%
SKarl Kassulke
4%
GDavid Dixon
3%
CDennis Swilley
3%
LBLonnie Warwick
3%
GMilt Sunde
3%
TSteve Riley
3%
GWes Hamilton
3%
GLarry Bowie
2%
DEMark Mullaney
2%
STom Hannon
2%
OLCharles Goodrum
1%
CBEarselle Mackbee
1%
LBFred McNeill
1%
WRGene Washington
1%
GJim Hough
1%
DTPaul Dickson
1%

Score Distribution

Percentile by Number Answered

Percent of People with Each Score

Your Score History

You have not taken this quiz